| 000 | 00925nam a2200229 a 4500 | ||
|---|---|---|---|
| 005 | 20200312112709.0 | ||
| 008 | 200312s2019 sp a|||fr|||| 00| 0 spa d | ||
| 020 | _a9788491104513 (2a.Ed.) | ||
| 040 |
_aCO-BoUCM _bspa _cDeissy Garcia _dDeissy Garcia |
||
| 041 | 0 | _aspa | |
| 060 | _aWM 207 | ||
| 245 | 0 | 0 |
_aDepresiones bipolares y unipolares _bqué hacer con los pacientes que no responden suficientemente a los tratamientos habituales _cdirección Eduard Vieta Pascual, Víctor Pérez Sola |
| 250 | _a2a.Ed. | ||
| 260 |
_bMédica Panamericana _c2019 _aMadrid |
||
| 300 |
_ax, 93 páginas _bilustraciones |
||
| 504 | _aIncluye referencias bibliográficas | ||
| 650 | 1 | 7 |
_912669 _aDepresión bipolar |
| 650 | 1 | 7 |
_925733 _aPsicosis Maniaco-Depresiva _xTratamiento |
| 700 | 1 |
_aVieta Pascual, Eduard _edirector _9100400 |
|
| 700 | 1 |
_aPérez Sola, Víctor _edirector _9100401 |
|
| 942 |
_cLIBRO _2NLM _a26 _e2 _hWM 207 _mD424d |
||
| 999 |
_c317088 _d317088 |
||